| 000 | 01140nam a2200241 a 4500 | ||
|---|---|---|---|
| 001 | 000026861 | ||
| 003 | DO-SdBNP | ||
| 005 | 20250621074007.0 | ||
| 008 | 110325s1990 dr ac 000 0 spa d | ||
| 040 |
_aDO-SdBNP _bspa _cBNPHU |
||
| 082 |
_a320.97293 _bO13e |
||
| 245 | 0 | 3 |
_aLa obra extraordinaria de un estadista 1986-1990 : _bDistrito Nacional. |
| 260 |
_aSanto Domingo : _bSusaeta, _c1990. |
||
| 300 |
_a175 p. : _bil., retr. ; _c28 cm. |
||
| 505 | 0 |
_gJustificación de una obra -- _t¿Santuarios? -- _tSíntesis obras del presidente Balaguer -- _tLa ciudad del futuro -- _tVialidad -- _tViviendas -- _tPatrimonio cultural -- _tParques y monumentos -- _tEdificios gubernamentales -- _tPuerto de Haina - Aeropuerto Las Américas -- _tServicios públicos. |
|
| 590 | _aInventariado, 2018/LP | ||
| 600 | 1 | 0 |
_a Balaguer, Joaquín, _d1906-2002 _976556 |
| 651 | 1 | 4 |
_aRepública Dominicana _xPresidente(1986-1990: Balaguer{Rpara} _949151 |
| 651 | 0 |
_aRepública Dominicana _xPolítica y gobierno _945 |
|
| 651 | 1 | 4 |
_aSanto Domingo (República Dominicana{Rpara} _xObras públicas _953975 |
| 910 | _aValidado. Control de calidad EMS | ||
| 942 |
_2ddc _cLBS1 |
||
| 999 |
_c26353 _d26353 |
||